| 000 | 00743nam a2200229Ia 4500 | ||
|---|---|---|---|
| 003 | OSt | ||
| 005 | 20231012105105.0 | ||
| 008 | 210716s2006 xx 000 0 und d | ||
| 020 | _a8184040644 | ||
| 040 | _cAIMIT LIBRARY | ||
| 041 | _aeng | ||
| 082 |
_a005.1331 _21 _bREEG |
||
| 100 |
_aReese, Greg. _9137651 |
||
| 245 |
_aC++ standard library practical tips / _cBy Greg Reese. |
||
| 250 | _a1st ed. | ||
| 260 |
_aNew Delhi : _bShroff Publishers and Distributors Pvt Ltd , _c2006. |
||
| 300 |
_axviii,542p. ; _bPB _c23 cm. |
||
| 650 |
_aReview of the standard template library _9137652 |
||
| 650 |
_aTips on containers in general _9137653 |
||
| 650 |
_aTips on numerical processing _9137654 |
||
| 942 |
_2ddc _cBK _e1st ed. _k005.1331 REEG |
||
| 999 |
_c187541 _d187541 |
||